000 00605nam a2200229Ia 4500
003 OSt
005 20221007080632.0
006 a|||||r|||| 00| 0
007 ta
008 221006b |||||||| |||| 00| 0 eng d
024 _a17,530
037 _cTextual
040 _aFLL
_cFLL
_beng
041 _2eng
_aeng
082 _aY1:45:5, L4
100 _aSchur Edwin M. Au.
_9695120
245 0 _aVictimless crimes
260 _aNew Jersey
_b Prentice Hall U.S.A.
_c1974
300 _axii,146p
_ccm.
942 _hY1:45:5, L4
_cTEXL
_2CC
999 _c1160374
_d1160374